000 00474nam a2200181Ia 4500
008 090124s9999 xx 000 0 und d
082 _b14813
100 _aभावे पु. भा.
245 _a थंडी
250 _a2
260 _bमेनका प्रकाशन
_c1980
300 _a108
600 _aभावे पु. भा.
630 _a थंडी
700 _aभावे पु. भा.
730 _a थंडी
942 _cBOOK
999 _c88057
_d88057